[Event "1. Bundesliga 2019/2020"]
[Site "Blumenhalle, St. Veit/Glan"]
[Date "2020.01.10"]
[Round "6"]
[Board "1"]
[White "Ragger, Markus"]
[Black "Nisipeanu, Liviu-Dieter"]
[Result "1/2-1/2"]
[WhiteElo "2675"]
[BlackElo "2655"]
[PlyCount "68"]
[EventDate "2019.10.10"]
[EventType "team"]
[EventRounds "11"]
[EventCountry "AUT"]
[WhiteTeam "SC MPOE Maria Saal"]
[BlackTeam "SK Sparkasse Jenbach"]

1.e4 c6 2.Nc3 d5 3.Nf3 dxe4 4.Nxe4 Nf6 5.Qe2 Nxe4 6.Qxe4 Nd7 7.Bc4 Nf6 8.Ne5 e6 9.Qe2
b5 10.Bb3 Qc7 11.d4 Bd6 12.O-O O-O 13.Bf4 Bb7 14.Rad1 Rad8 15.Bg3 Ba8 16.c3 Qb7 17.f4
c5 18.f5 exf5 19.Rxf5 c4 20.Bc2 Ne4 21.Bh4 f6 22.Rf4 Nxc3 23.bxc3 fxe5 24.Be4 Qd7
25.Rxf8+ Rxf8 26.Bxa8 Rxa8 27.dxe5 Bc5+ 28.Kh1 Qe6 29.Qe4 Rf8 30.h3 b4 31.cxb4 Bxb4
32.Rc1 Rc8 33.Rc2 a5 34.Be1 h6 1/2-1/2

[Event "1. Bundesliga 2019/2020"]
[Site "Blumenhalle, St. Veit/Glan"]
[Date "2020.01.10"]
[Round "6"]
[Board "2"]
[White "Bluebaum, Matthias"]
[Black "Predojevic, Borki"]
[Result "1/2-1/2"]
[WhiteElo "2646"]
[BlackElo "2604"]
[PlyCount "169"]
[EventDate "2019.10.10"]
[EventType "team"]
[EventRounds "11"]
[EventCountry "AUT"]
[WhiteTeam "SK Sparkasse Jenbach"]
[BlackTeam "SC MPOE Maria Saal"]

1.d4 Nf6 2.c4 e6 3.Nc3 Bb4 4.Nf3 Bxc3+ 5.bxc3 d6 6.g4 b6 7.g5 Nfd7 8.e4 Bb7 9.Bd3
Nc6 10.Be3 e5 11.Rg1 Qe7 12.Nd2 Nd8 13.f4 exf4 14.Bxf4 h6 15.Qh5 Ne6 16.Be3 O-O-O
17.gxh6 gxh6 18.O-O-O Ng5 19.Bxg5 hxg5 20.Qxg5 Qxg5 21.Rxg5 Rxh2 22.Rg7 Rf2 23.Rf1
Rxf1+ 24.Nxf1 Re8 25.Ng3 Nf6 26.e5 dxe5 27.Rxf7 e4 28.Rxf6 exd3 29.Kd2 Be4 30.Nxe4
Rxe4 31.Kxd3 Rh4 32.Kc2 Kb7 33.Kb3 Rh1 34.a4 Rb1+ 35.Ka2 Rh1 36.Rf5 Rh7 37.a5 Rg7
38.Kb3 Rg1 39.Rf7 Ra1 40.axb6 axb6 41.Rf5 Rb1+ 42.Kc2 Rh1 43.c5 bxc5 44.Rxc5 c6 45.Rg5
Rh7 46.Kb3 Kc7 47.Kb4 Kb6 48.Rg6 Kc7 49.Re6 Kd7 50.Re5 Kc7 51.Kc5 Rg7 52.Rh5 Rf7 53.c4
Rg7 54.Rf5 Rh7 55.Rg5 Rf7 56.Rg6 Rf5+ 57.d5 cxd5 58.cxd5 Rf7 59.Ra6 Rf1 60.Ra7+ Kc8
61.Kc6 Rc1+ 62.Kd6 Rd1 63.Rh7 Rd2 64.Rh8+ Kb7 65.Ke6 Kc7 66.Rh7+ Kc8 67.Kd6 Rd1 68.Rh8+
Kb7 69.Re8 Rd2 70.Re1 Kc8 71.Ke6 Kd8 72.Rg1 Kc7 73.Rg7+ Kd8 74.Kd6 Kc8 75.Rg1 Rd3
76.Rc1+ Kd8 77.Kc6 Kc8 78.Ra1 Rc3+ 79.Kd6 Rd3 80.Ra8+ Kb7 81.Rd8 Rh3 82.Rd7+ Kc8 83.Rc7+
Kd8 84.Rg7 Rh6+ 85.Kc5 1/2-1/2

[Event "1. Bundesliga 2019/2020"]
[Site "Blumenhalle, St. Veit/Glan"]
[Date "2020.01.10"]
[Round "6"]
[Board "3"]
[White "Handler, Lukas"]
[Black "Svane, Rasmus"]
[Result "1/2-1/2"]
[WhiteElo "2420"]
[BlackElo "2613"]
[PlyCount "165"]
[EventDate "2019.10.10"]
[EventType "team"]
[EventRounds "11"]
[EventCountry "AUT"]
[WhiteTeam "SC MPOE Maria Saal"]
[BlackTeam "SK Sparkasse Jenbach"]

1.d4 Nf6 2.c4 e6 3.Nf3 a6 4.Nc3 d5 5.cxd5 exd5 6.Bg5 Be6 7.e3 Nbd7 8.Bd3 Bd6 9.Bf4
Bxf4 10.exf4 Bg4 11.Qe2+ Kf8 12.O-O-O Qe8 13.Qd2 Bxf3 14.gxf3 Qe7 15.h4 Qb4 16.Bf5
Nb6 17.h5 Re8 18.h6 g6 19.a3 Qd6 20.Bd3 Nh5 21.f5 Qf4 22.Ne2 Qxd2+ 23.Kxd2 Ke7 24.Rh4
Nd7 25.f4 Ndf6 26.f3 Reg8 27.Rg1 c6 28.Rg5 Ne8 29.fxg6 hxg6 30.f5 Kf6 31.Rg1 Rxh6
32.fxg6 fxg6 33.Nf4 Kf7 34.Nxg6 Rhxg6 35.Rxg6 Rxg6 36.Rxh5 Rg2+ 37.Kc3 Rg3 38.Rf5+
Ke7 39.Re5+ Kd7 40.Rf5 Nd6 41.Rf4 Ke7 42.a4 Rh3 43.b3 Rg3 44.Kb4 Kd7 45.a5 Ke7 46.Kc3
Nf7 47.Bf5 Nd6 48.Bd3 Rg2 49.Rh4 Rf2 50.Rh3 Nf7 51.Rg3 Rh2 52.Kb4 Rd2 53.Kc3 Rd1 54.Rg7
Kf8 55.Rg6 Re1 56.Rg3 Ke7 57.Rg2 Rc1+ 58.Kb4 Kf8 59.Rg3 Re1 60.Kc3 Rc1+ 61.Kb4 Nd6
62.Rg6 Ke7 63.Rg7+ Ke6 64.Rg6+ Kd7 65.Rg7+ Ke6 66.Rg6+ Ke7 67.Rg7+ Kd8 68.Rg6 Kc7
69.Rg7+ Kb8 70.Rg6 Kc7 71.Rg7+ Kb8 72.Rd7 Nb5 73.Bxb5 axb5 74.f4 Ka7 75.f5 Rf1 76.Rf7
Ka6 77.f6 b6 78.axb6 Kxb6 79.Rf8 Rf4 80.Kc3 Rf3+ 81.Kb4 Rf4 82.Kc3 Rf3+ 83.Kb4 1/2-1/2

[Event "1. Bundesliga 2019/2020"]
[Site "Blumenhalle, St. Veit/Glan"]
[Date "2020.01.10"]
[Round "6"]
[Board "4"]
[White "Wagner, Dennis"]
[Black "Kreisl, Robert"]
[Result "1/2-1/2"]
[WhiteElo "2581"]
[BlackElo "2401"]
[PlyCount "71"]
[EventDate "2019.10.10"]
[EventType "team"]
[EventRounds "11"]
[EventCountry "AUT"]
[WhiteTeam "SK Sparkasse Jenbach"]
[BlackTeam "SC MPOE Maria Saal"]

1.d4 Nf6 2.c4 c5 3.d5 g6 4.Nc3 Bg7 5.e4 O-O 6.Nf3 d6 7.h3 e6 8.Bd3 Nbd7 9.O-O e5 10.Bg5
h6 11.Be3 Nh7 12.Qc2 Ndf6 13.Qd2 Nh5 14.Bxh6 Qf6 15.Be3 Nf4 16.Bxf4 exf4 17.Rfe1 Ng5
18.Qd1 Nxf3+ 19.Qxf3 Qh4 20.Kf1 Be5 21.Ke2 Bd7 22.Kd2 a6 23.a4 Rab8 24.Kc2 Rfc8 25.Qe2
Rc7 26.Ra3 b6 27.Rea1 Qd8 28.f3 Qc8 29.b3 Qd8 30.Qd2 Qf6 31.Re1 Kg7 32.Ra2 Rcb7 33.Rb1
Rc7 34.Re1 Rcb7 35.Rb1 Rc7 36.Re1 1/2-1/2

[Event "1. Bundesliga 2019/2020"]
[Site "Blumenhalle, St. Veit/Glan"]
[Date "2020.01.10"]
[Round "6"]
[Board "5"]
[White "Buhmann, Rainer"]
[Black "Acs, Peter"]
[Result "1-0"]
[WhiteElo "2581"]
[BlackElo "2566"]
[PlyCount "91"]
[EventDate "2019.10.10"]
[EventType "team"]
[EventRounds "11"]
[EventCountry "AUT"]
[WhiteTeam "SC MPOE Maria Saal"]
[BlackTeam "SK Sparkasse Jenbach"]

1.d4 Nf6 2.c4 e6 3.Nf3 b6 4.g3 Bb7 5.Bg2 Bb4+ 6.Bd2 a5 7.O-O O-O 8.Bf4 Be7 9.Qc2 d5
10.cxd5 Nxd5 11.Nc3 Nxf4 12.gxf4 Nd7 13.Rfd1 Nf6 14.Rac1 Bd6 15.e3 h6 16.Ne5 Bxg2
17.Kxg2 Qe8 18.Qa4 Qxa4 19.Nxa4 Nd5 20.Nc3 Nxc3 21.Rxc3 g5 22.fxg5 hxg5 23.Nd7 Rfd8
24.Nf6+ Kf8 25.Ne4 Ke7 26.Rdc1 g4 27.Nxd6 cxd6 28.Rc7+ Rd7 29.Rc8 Rxc8 30.Rxc8 f5
31.Rh8 e5 32.Rh7+ Kd8 33.Rxd7+ Kxd7 34.dxe5 dxe5 35.Kg3 e4 36.a4 Ke6 37.Kh4 Kf6 38.Kh5
Ke5 39.Kg5 Ke6 40.Kg6 Ke5 41.Kf7 f4 42.Kg6 fxe3 43.fxe3 Kd5 44.Kf5 Kc4 45.Kxg4 Kd3
46.Kf4 1-0

[Event "1. Bundesliga 2019/2020"]
[Site "Blumenhalle, St. Veit/Glan"]
[Date "2020.01.10"]
[Round "6"]
[Board "6"]
[White "Engel, Luis"]
[Black "Halvax, Georg"]
[Result "1/2-1/2"]
[WhiteElo "2536"]
[BlackElo "2415"]
[PlyCount "99"]
[EventDate "2019.10.10"]
[EventType "team"]
[EventRounds "11"]
[EventCountry "AUT"]
[WhiteTeam "SK Sparkasse Jenbach"]
[BlackTeam "SC MPOE Maria Saal"]

1.e4 c5 2.Nf3 e6 3.d4 cxd4 4.Nxd4 Nf6 5.Nc3 Nc6 6.Nxc6 bxc6 7.e5 Nd5 8.Ne4 Qc7 9.f4
Qb6 10.c4 Bb4+ 11.Ke2 f5 12.exf6 Nxf6 13.Be3 Qd8 14.Nd6+ Bxd6 15.Qxd6 Bb7 16.Rd1 c5
17.Rg1 Ne4 18.Qd3 Rb8 19.g3 Bc6 20.Bg2 Rxb2+ 21.Kf1 Rxg2 22.Rxg2 Qf6 23.Bc1 O-O 24.Re2
Qf5 25.Kg1 Rf6 26.Bb2 Rf7 27.Re3 h5 28.Rde1 d5 29.Be5 Rd7 30.cxd5 exd5 31.Qa6 Bb7
32.Qxa7 d4 33.Rb3 Bd5 34.Rb8+ Kh7 35.Qa6 Qg4 36.Qc8 Nxg3 37.Qh8+ Kg6 38.Rb6+ Kf7 39.Qxg7+
Qxg7 40.Bxg7 Ne4 41.Be5 d3 42.Rd1 Bxa2 43.Kg2 Be6 44.f5 Bxf5 45.Rf1 d2 46.Rxf5+ Ke7
47.Rxh5 d1=Q 48.Rh7+ Ke8 49.Rh8+ Ke7 50.Rh7+ 1/2-1/2

[Event "1. Bundesliga 2019/2020"]
[Site "Blumenhalle, St. Veit/Glan"]
[Date "2020.01.10"]
[Round "6"]
[Board "1"]
[White "Abasov, Nijat Azad"]
[Black "Balogh, Csaba"]
[Result "1-0"]
[WhiteElo "2664"]
[BlackElo "2586"]
[PlyCount "157"]
[EventDate "2019.10.10"]
[EventType "team"]
[EventRounds "11"]
[EventCountry "AUT"]
[WhiteTeam "SV Raika Rapid Feffernitz"]
[BlackTeam "Spg. Sallegger Tech. Fuerstenfeld/Hartber"]

1.d4 d5 2.c4 c6 3.Nc3 Nf6 4.cxd5 cxd5 5.Nf3 Nc6 6.Bf4 Bf5 7.e3 e6 8.Qb3 Bb4 9.Ne5
Qb6 10.Nxc6 bxc6 11.Be2 Kd7 12.O-O Bd6 13.Bxd6 Qxb3 14.axb3 Kxd6 15.b4 Rhb8 16.b5
Ne8 17.Ra6 Rb6 18.Rfa1 Nc7 19.Rxa7 Rxa7 20.Rxa7 cxb5 21.f3 Bc2 22.Na2 b4 23.Kf2 f6
24.Ke1 e5 25.Kd2 Bb3 26.Nc1 Bc4 27.Bd3 h6 28.b3 Bxd3 29.Kxd3 Rc6 30.Kd2 exd4 31.exd4
Ne6 32.Ne2 Rc7 33.Ra4 Rb7 34.Ra6+ Kd7 35.Ke3 Nc7 36.Ra5 Kc6 37.Nf4 Kb6 38.Ra1 Rb8
39.Kd2 Re8 40.Ra4 Kb5 41.Nd3 Na6 42.Ra1 g5 43.Rc1 Kb6 44.Nb2 Kb5 45.Na4 f5 46.Nb2
f4 47.Nd3 Kb6 48.Ne5 Kb7 49.Kd3 Nc7 50.Ra1 Na6 51.Ra5 Nc7 52.Ra2 Na6 53.Ra5 Nc7 54.Ra4
Na6 55.Kd2 Kb6 56.Ra1 Kb7 57.Nd3 Kb6 58.h4 Kb5 59.Rc1 Kb6 60.hxg5 hxg5 61.Rh1 Rg8
62.Rh6+ Kb5 63.Rd6 Nc7 64.Rd7 Kc6 65.Ne5+ Kb7 66.Nd3 Kc6 67.Rf7 Na6 68.Ra7 Nc7 69.Nxb4+
Kb6 70.Ra1 g4 71.Kd3 gxf3 72.gxf3 Rg2 73.Ra2 Rg1 74.Rh2 Rb1 75.Rh6+ Kb5 76.Na2 Rxb3+
77.Nc3+ Kb4 78.Rb6+ Ka3 79.Rc6 1-0

[Event "1. Bundesliga 2019/2020"]
[Site "Blumenhalle, St. Veit/Glan"]
[Date "2020.01.10"]
[Round "6"]
[Board "2"]
[White "Korpa, Bence"]
[Black "Skoberne, Jure"]
[Result "1/2-1/2"]
[WhiteElo "2546"]
[BlackElo "2561"]
[PlyCount "79"]
[EventDate "2019.10.10"]
[EventType "team"]
[EventRounds "11"]
[EventCountry "AUT"]
[WhiteTeam "Spg. Sallegger Tech. Fuerstenfeld/Hartber"]
[BlackTeam "SV Raika Rapid Feffernitz"]

1.e4 d6 2.d4 Nf6 3.f3 e5 4.dxe5 dxe5 5.Qxd8+ Kxd8 6.Bc4 Be6 7.Bxe6 fxe6 8.Be3 Nbd7
9.Nd2 Bc5 10.Bxc5 Nxc5 11.Nc4 Nfd7 12.O-O-O Ke7 13.Nh3 a5 14.Nf2 b5 15.Ne3 Nf6 16.Nd3
Ncd7 17.c4 Rhb8 18.cxb5 a4 19.Kb1 Rxb5 20.Rc1 Ne8 21.Rc4 Ra6 22.Rb4 Rxb4 23.Nxb4 Rb6
24.a3 c5 25.Na2 Nd6 26.Nc3 Ra6 27.Rc1 c4 28.Na2 Rc6 29.Nb4 Rc8 30.Nd1 Nc5 31.Nc3 g5
32.h3 h5 33.Re1 g4 34.fxg4 hxg4 35.hxg4 Nf7 36.Nc2 Ng5 37.Ne3 Ngxe4 38.Nxe4 Nxe4 39.Nd1
Rd8 40.Rxe4 1/2-1/2

[Event "1. Bundesliga 2019/2020"]
[Site "Blumenhalle, St. Veit/Glan"]
[Date "2020.01.10"]
[Round "6"]
[Board "3"]
[White "Danin, Alexandre"]
[Black "Mesaros, Florian"]
[Result "1-0"]
[WhiteElo "2525"]
[BlackElo "2410"]
[PlyCount "55"]
[EventDate "2019.10.10"]
[EventType "team"]
[EventRounds "11"]
[EventCountry "AUT"]
[WhiteTeam "SV Raika Rapid Feffernitz"]
[BlackTeam "Spg. Sallegger Tech. Fuerstenfeld/Hartber"]

1.e4 c5 2.Nf3 d6 3.d4 cxd4 4.Nxd4 Nf6 5.Nc3 a6 6.Be2 e5 7.Nb3 Be7 8.Bg5 Be6 9.Bxf6
Bxf6 10.Qd3 Be7 11.Nd5 Nd7 12.Rd1 Bxd5 13.Qxd5 Qc7 14.Bc4 O-O 15.Nd2 Rad8 16.Qd3 Nb6
17.Bb3 Qc6 18.Nb1 Rd7 19.Nc3 Rc8 20.O-O Qc5 21.Qh3 Rdc7 22.Rd3 Rd8 23.Rfd1 Bg5 24.Qh5
Bf4 25.Ne2 Rcd7 26.Nxf4 exf4 27.Bxf7+ Kh8 28.Qxh7+ 1-0

[Event "1. Bundesliga 2019/2020"]
[Site "Blumenhalle, St. Veit/Glan"]
[Date "2020.01.10"]
[Round "6"]
[Board "4"]
[White "Poetz, Florian"]
[Black "Schreiner, Peter"]
[Result "1/2-1/2"]
[WhiteElo "2422"]
[BlackElo "2440"]
[PlyCount "60"]
[EventDate "2019.10.10"]
[EventType "team"]
[EventRounds "11"]
[EventCountry "AUT"]
[WhiteTeam "Spg. Sallegger Tech. Fuerstenfeld/Hartber"]
[BlackTeam "SV Raika Rapid Feffernitz"]

1.d4 Nf6 2.c4 g6 3.Nc3 Bg7 4.e4 d6 5.f3 O-O 6.Be3 a6 7.Qd2 c6 8.Bd3 b5 9.Nge2 Nbd7
10.O-O e5 11.b3 exd4 12.Nxd4 Bb7 13.Rac1 Re8 14.Rfd1 Qe7 15.Re1 Ne5 16.Bf1 Nfd7 17.Rcd1
Nc5 18.a4 bxc4 19.Bxc4 Nxc4 20.bxc4 a5 21.Rb1 Qc7 22.Nb3 Ba6 23.Nxc5 dxc5 24.Ne2 Bxc4
25.Bxc5 Bxe2 26.Qxe2 Be5 27.g3 Rab8 28.Kg2 Bd6 29.Qc4 Bxc5 30.Qxc5 Rxb1 1/2-1/2

[Event "1. Bundesliga 2019/2020"]
[Site "Blumenhalle, St. Veit/Glan"]
[Date "2020.01.10"]
[Round "6"]
[Board "5"]
[White "Diermair, Andreas"]
[Black "Freitag, Manfred"]
[Result "1-0"]
[WhiteElo "2477"]
[BlackElo "2356"]
[PlyCount "131"]
[EventDate "2019.10.10"]
[EventType "team"]
[EventRounds "11"]
[EventCountry "AUT"]
[WhiteTeam "SV Raika Rapid Feffernitz"]
[BlackTeam "Spg. Sallegger Tech. Fuerstenfeld/Hartber"]

1.d4 Nf6 2.Nf3 g6 3.g3 Bg7 4.Bg2 O-O 5.O-O d5 6.c4 c6 7.Qb3 Qb6 8.Nc3 Rd8 9.Bd2 Ne4
10.Be3 Nf6 11.Rfc1 Be6 12.Na4 Qxb3 13.axb3 Nbd7 14.Ng5 Bf5 15.h3 h6 16.g4 Bxg4 17.hxg4
hxg5 18.cxd5 Nxg4 19.dxc6 bxc6 20.Bxc6 Nxe3 21.Bxa8 Nf5 22.Bb7 Nxd4 23.Rc8 Rxc8 24.Bxc8
Nb6 25.Nxb6 axb6 26.e3 Nxb3 27.Ra3 Na5 28.b4 Nc6 29.b5 Na5 30.Rd3 Be5 31.Rd5 Bd6 32.Rxg5
e6 33.Rg4 Kf8 34.Rd4 Ke7 35.Rd3 g5 36.Kg2 f5 37.Rc3 f4 38.Kf3 Kf6 39.Rc1 fxe3 40.fxe3
Bc5 41.Rh1 Nc4 42.Rh6+ Kf7 43.Rxe6 Nd6 44.Bd7 Nxb5 45.Re5 Nd6 46.Rxg5 Nc4 47.e4 Nd2+
48.Kf4 Nc4 49.Rf5+ Ke7 50.Ba4 Be3+ 51.Kf3 Bc5 52.Bc6 Bd6 53.Bd5 Ne5+ 54.Ke3 Bc5+ 55.Kf4
Bd6 56.Kg5 b5 57.Rf1 b4 58.Kf5 Nd3 59.Rd1 Nb2 60.Rh1 Bc5 61.e5 Nd3 62.Rh7+ Kd8 63.Bc4
Nb2 64.Bb5 b3 65.Rd7+ Kc8 66.Rd2 1-0

[Event "1. Bundesliga 2019/2020"]
[Site "Blumenhalle, St. Veit/Glan"]
[Date "2020.01.10"]
[Round "6"]
[Board "6"]
[White "Csonka, Attila"]
[Black "Sebenik, Matej"]
[Result "0-1"]
[WhiteElo "2361"]
[BlackElo "2498"]
[PlyCount "82"]
[EventDate "2019.10.10"]
[EventType "team"]
[EventRounds "11"]
[EventCountry "AUT"]
[WhiteTeam "Spg. Sallegger Tech. Fuerstenfeld/Hartber"]
[BlackTeam "SV Raika Rapid Feffernitz"]

1.e4 c5 2.Nf3 Nc6 3.d4 cxd4 4.Nxd4 Nf6 5.Nc3 e5 6.Ndb5 d6 7.Bg5 a6 8.Na3 b5 9.Nd5
Be7 10.Bxf6 Bxf6 11.c4 b4 12.Nc2 O-O 13.g3 a5 14.Bg2 Bg5 15.O-O Be6 16.Qd3 Bxd5 17.Qxd5
Qb6 18.b3 a4 19.h4 Ra5 20.Qd3 Bh6 21.Bh3 Rd8 22.Rfb1 axb3 23.axb3 g6 24.Rxa5 Nxa5
25.Ra1 Nb7 26.Ne1 Nc5 27.Qc2 Qc6 28.Bg2 Ra8 29.Rb1 Qb6 30.Nd3 Nxd3 31.Qxd3 Ra2 32.Rf1
Rd2 33.Qb1 Kg7 34.Kh2 Qd4 35.Qa1 Qc3 36.Qa4 Rb2 37.Qd7 Qd4 38.Qa4 Qd2 39.Qd7 Rxb3
40.Bh3 Rf3 41.Kg2 Rf6 0-1

[Event "1. Bundesliga 2019/2020"]
[Site "Blumenhalle, St. Veit/Glan"]
[Date "2020.01.10"]
[Round "6"]
[Board "1"]
[White "Michalik, Peter"]
[Black "Rozentalis, Eduardas"]
[Result "1/2-1/2"]
[WhiteElo "2585"]
[BlackElo "2545"]
[PlyCount "61"]
[EventDate "2019.10.10"]
[EventType "team"]
[EventRounds "11"]
[EventCountry "AUT"]
[WhiteTeam "Mayrhofen/SK Zell Zillertal"]
[BlackTeam "SK Hohenems"]

1.d4 Nf6 2.c4 e6 3.g3 Bb4+ 4.Bd2 a5 5.Bg2 O-O 6.Nf3 d5 7.Qc2 b6 8.cxd5 exd5 9.O-O
Re8 10.Nc3 Bb7 11.Bf4 c6 12.a3 Bd6 13.Bxd6 Qxd6 14.Nd2 Nbd7 15.Rac1 Rad8 16.e4 dxe4
17.Ndxe4 Nxe4 18.Nxe4 Qg6 19.Nc3 Qxc2 20.Rxc2 Nf8 21.Rd1 Ne6 22.Rcd2 Kf8 23.f4 Re7
24.Na4 b5 25.Nc3 b4 26.axb4 axb4 27.Na2 Red7 28.Nxb4 Nxd4 29.Kf2 c5 30.Nc2 Bxg2 31.Kxg2 1/2-1/2

[Event "1. Bundesliga 2019/2020"]
[Site "Blumenhalle, St. Veit/Glan"]
[Date "2020.01.10"]
[Round "6"]
[Board "2"]
[White "Schneider, Ilja"]
[Black "Votava, Jan"]
[Result "1/2-1/2"]
[WhiteElo "2486"]
[BlackElo "2501"]
[PlyCount "87"]
[EventDate "2019.10.10"]
[EventType "team"]
[EventRounds "11"]
[EventCountry "AUT"]
[WhiteTeam "SK Hohenems"]
[BlackTeam "Mayrhofen/SK Zell Zillertal"]

1.d4 Nf6 2.Nf3 g6 3.c4 Bg7 4.e3 O-O 5.Be2 d6 6.Nc3 Nbd7 7.O-O e5 8.Qc2 Re8 9.Rd1 exd4
10.exd4 Nf8 11.h3 c6 12.Bd3 d5 13.cxd5 Nxd5 14.Bg5 Qb6 15.Nxd5 cxd5 16.Rac1 Bd7 17.Qc7
Qxc7 18.Rxc7 h6 19.Bh4 Bc6 20.Re7 Ne6 21.Rxe8+ Rxe8 22.Bf1 Rc8 23.Bg3 Be8 24.Bd3 a6
25.Be5 Ba4 26.b3 Bb5 27.Bxb5 axb5 28.Bxg7 Kxg7 29.Ne1 Nf4 30.Kf1 g5 31.Nd3 Nxd3 32.Rxd3
Rc2 33.a3 Kf6 34.b4 Kf5 35.Re3 Rc1+ 36.Ke2 Rc2+ 37.Kf3 f6 38.g4+ Kg6 39.Re7 Rc3+ 40.Ke2
Rxa3 41.Rxb7 Ra2+ 42.Kf3 Ra3+ 43.Ke2 Ra2+ 44.Kf3 1/2-1/2

[Event "1. Bundesliga 2019/2020"]
[Site "Blumenhalle, St. Veit/Glan"]
[Date "2020.01.10"]
[Round "6"]
[Board "3"]
[White "Lanka, Zigurds"]
[Black "Breder, Dennis"]
[Result "1-0"]
[WhiteElo "2387"]
[BlackElo "2464"]
[PlyCount "111"]
[EventDate "2019.10.10"]
[EventType "team"]
[EventRounds "11"]
[EventCountry "AUT"]
[WhiteTeam "Mayrhofen/SK Zell Zillertal"]
[BlackTeam "SK Hohenems"]

1.Nf3 Nf6 2.g3 b6 3.Bg2 Bb7 4.c4 c5 5.O-O g6 6.d3 Bg7 7.e4 O-O 8.Nc3 Nc6 9.Rb1 d6
10.Bd2 Nd7 11.a3 Nde5 12.Ne1 Nd4 13.f4 Nec6 14.b4 e6 15.b5 Ne7 16.Ne2 a6 17.a4 axb5
18.axb5 Nxe2+ 19.Qxe2 Ra2 20.Rc1 Qd7 21.Rc2 Rfa8 22.Bc3 Rxc2 23.Qxc2 d5 24.Bxg7 Kxg7
25.Nf3 dxe4 26.dxe4 Rd8 27.Re1 f6 28.Bf1 Nc8 29.Qc3 Nd6 30.e5 Bxf3 31.exf6+ Kf7 32.Qxf3
Nf5 33.Kh1 Kxf6 34.g4 Nd4 35.Qe4 Kf7 36.Bg2 Kg8 37.h3 Qd6 38.f5 gxf5 39.gxf5 exf5
40.Qb7 Rd7 41.Qa8+ Rd8 42.Qb7 Rd7 43.Qa8+ Kg7 44.Qe8 Rf7 45.Bd5 Rf6 46.Re7+ Kh6 47.Bg8
Kg5 48.Rxh7 Rh6 49.Qe3+ f4 50.Qg1+ Kf5 51.Qb1+ Ke5 52.Qe1+ Kf5 53.Rf7+ Rf6 54.Bh7+
Kg5 55.Qg1+ Kh6 56.Qg7+ 1-0

[Event "1. Bundesliga 2019/2020"]
[Site "Blumenhalle, St. Veit/Glan"]
[Date "2020.01.10"]
[Round "6"]
[Board "4"]
[White "Atlas, Valery"]
[Black "Platzgummer, Fabian"]
[Result "1/2-1/2"]
[WhiteElo "2428"]
[BlackElo "2336"]
[PlyCount "60"]
[EventDate "2019.10.10"]
[EventType "team"]
[EventRounds "11"]
[EventCountry "AUT"]
[WhiteTeam "SK Hohenems"]
[BlackTeam "Mayrhofen/SK Zell Zillertal"]

1.e4 c6 2.Nf3 d5 3.Nc3 Bg4 4.h3 Bxf3 5.Qxf3 e6 6.d4 dxe4 7.Qxe4 Nf6 8.Qd3 Na6 9.a3
Nc7 10.Be2 Ncd5 11.Nxd5 Nxd5 12.Qe4 b5 13.O-O a5 14.a4 b4 15.c4 bxc3 16.bxc3 Rc8 17.Bd2
Be7 18.c4 Nb4 19.Rad1 O-O 20.Bf4 Bd6 21.Be5 Qc7 22.Bd3 f5 23.Bxd6 Qxd6 24.Qe2 Rce8
25.Bb1 c5 26.dxc5 Qxc5 27.Rd7 Qc6 28.Ra7 Qb6 29.Rd7 Qc6 30.Ra7 Qb6 1/2-1/2

[Event "1. Bundesliga 2019/2020"]
[Site "Blumenhalle, St. Veit/Glan"]
[Date "2020.01.10"]
[Round "6"]
[Board "5"]
[White "Hausner, Ivan"]
[Black "Henrichs, Thomas"]
[Result "0-1"]
[WhiteElo "2339"]
[BlackElo "2455"]
[PlyCount "86"]
[EventDate "2019.10.10"]
[EventType "team"]
[EventRounds "11"]
[EventCountry "AUT"]
[WhiteTeam "Mayrhofen/SK Zell Zillertal"]
[BlackTeam "SK Hohenems"]

1.d4 Nf6 2.c4 e6 3.g3 c5 4.Nf3 cxd4 5.Nxd4 d5 6.Bg2 e5 7.Nf3 d4 8.O-O Nc6 9.e3 Be7
10.exd4 exd4 11.Bf4 O-O 12.Ne5 Qb6 13.Qb3 Na5 14.Qb5 Be6 15.b3 Rac8 16.Qxb6 axb6 17.Nd2
Nh5 18.Ndf3 Nxf4 19.gxf4 Rfd8 20.Rad1 f6 21.Nxd4 Rxd4 22.Rxd4 fxe5 23.fxe5 Nc6 24.Rdd1
Bc5 25.Bd5 Kf7 26.Rfe1 Ke7 27.Kg2 Rf8 28.f3 Rf5 29.h4 h6 30.Be4 Rh5 31.Kg3 g5 32.Bd5
gxh4+ 33.Kh2 Bf2 34.Re2 Bg3+ 35.Kh1 Bf5 36.e6 Ne5 37.Bxb7 Nd3 38.Kg1 h3 39.Rdd2 Bf4
40.Be4 Bxe4 41.fxe4 Rg5+ 42.Kh1 Bxd2 43.Rxd2 Ne5 0-1

[Event "1. Bundesliga 2019/2020"]
[Site "Blumenhalle, St. Veit/Glan"]
[Date "2020.01.10"]
[Round "6"]
[Board "6"]
[White "Baenziger, Fabian"]
[Black "Tabernig, Bernhard"]
[Result "1-0"]
[WhiteElo "2409"]
[BlackElo "2282"]
[PlyCount "89"]
[EventDate "2019.10.10"]
[EventType "team"]
[EventRounds "11"]
[EventCountry "AUT"]
[WhiteTeam "SK Hohenems"]
[BlackTeam "Mayrhofen/SK Zell Zillertal"]

1.d4 d5 2.c4 e6 3.Nf3 c6 4.Qc2 Nf6 5.e3 Nbd7 6.Nc3 Bd6 7.Bd3 dxc4 8.Bxc4 b5 9.Be2
Bb7 10.O-O O-O 11.e4 e5 12.dxe5 Nxe5 13.Nd4 Neg4 14.g3 Qb6 15.Nf5 Bc5 16.Kg2 Bc8 17.a4
a6 18.a5 Qa7 19.h3 Bxf5 20.exf5 Ne5 21.Bg5 Ned7 22.Bf3 Rac8 23.Rad1 Bd4 24.Ne2 Be5
25.Be3 c5 26.g4 h6 27.h4 Bd4 28.Nxd4 cxd4 29.Bxd4 Rxc2 30.Bxa7 Ne5 31.g5 Nxf3 32.Kxf3
hxg5 33.hxg5 Nh7 34.Be3 Rxb2 35.Rd6 Rb3 36.Rg1 f6 37.g6 Ng5+ 38.Kg2 Ne4 39.Rxa6 Rd3
40.Re6 Nd6 41.Bc5 Rd8 42.Rge1 Kf8 43.Rxd6 R8xd6 44.a6 R3d5 45.a7 1-0

[Event "1. Bundesliga 2019/2020"]
[Site "Blumenhalle, St. Veit/Glan"]
[Date "2020.01.11"]
[Round "7"]
[Board "1"]
[White "Rozentalis, Eduardas"]
[Black "Georgiadis, Nico"]
[Result "0-1"]
[WhiteElo "2545"]
[BlackElo "2551"]
[PlyCount "76"]
[EventDate "2019.10.10"]
[EventType "team"]
[EventRounds "11"]
[EventCountry "AUT"]
[WhiteTeam "SK Hohenems"]
[BlackTeam "SK Sparkasse Goetzis"]

1.e4 c5 2.Nf3 d6 3.Bb5+ Nd7 4.O-O a6 5.Bxd7+ Bxd7 6.d4 cxd4 7.Qxd4 Rc8 8.a4 Qc7 9.Nc3
e5 10.Qd3 h6 11.Rd1 Nf6 12.Nd2 Bg4 13.f3 Be6 14.Nf1 Be7 15.Ne3 O-O 16.a5 Rfd8 17.Bd2
d5 18.Nexd5 Bxd5 19.exd5 Bb4 20.Qe2 Bxa5 21.Ne4 Bb6+ 22.Kh1 Nxd5 23.Bxh6 Qxc2 24.Qe1
Qc6 25.Bg5 f6 26.Rac1 Qe6 27.Bd2 Bd4 28.Rxc8 Rxc8 29.Bc3 Ne3 30.Rd3 Bxc3 31.bxc3 Nc4
32.Qg3 Qb6 33.Rd1 Rd8 34.Re1 Qe6 35.h3 b5 36.Qg6 Qf7 37.Qf5 a5 38.Rb1 Ne3 0-1

[Event "1. Bundesliga 2019/2020"]
[Site "Blumenhalle, St. Veit/Glan"]
[Date "2020.01.11"]
[Round "7"]
[Board "2"]
[White "Krassowizkij, Jaroslaw"]
[Black "Schneider, Ilja"]
[Result "1-0"]
[WhiteElo "2448"]
[BlackElo "2486"]
[PlyCount "107"]
[EventDate "2019.10.10"]
[EventType "team"]
[EventRounds "11"]
[EventCountry "AUT"]
[WhiteTeam "SK Sparkasse Goetzis"]
[BlackTeam "SK Hohenems"]

1.e4 c6 2.d4 d5 3.Nd2 Qc7 4.Bd3 dxe4 5.Nxe4 Bf5 6.Qf3 Bxe4 7.Qxe4 e6 8.Bf4 Bd6 9.Be5
Bxe5 10.dxe5 Nd7 11.Nf3 Nc5 12.Qc4 Nxd3+ 13.Qxd3 Qa5+ 14.Qd2 Qxd2+ 15.Nxd2 Nh6 16.Ne4
Ke7 17.Ke2 Nf5 18.Rhd1 Rad8 19.Rxd8 Rxd8 20.c3 h5 21.g3 Rd5 22.f4 f6 23.exf6+ gxf6
24.Rg1 Ra5 25.a3 Nd6 26.Nxd6 Kxd6 27.h3 Ra4 28.Kf3 f5 29.g4 hxg4+ 30.hxg4 fxg4+ 31.Rxg4
Ra6 32.Rg6 Kd5 33.c4+ Kxc4 34.Rxe6 Rb6 35.f5 Rxb2 36.f6 Rb1 37.Kf2 Rb2+ 38.Re2 Rb5
39.Re4+ Kc3 40.Rf4 Rh5 41.f7 Rh8 42.f8=Q Rxf8 43.Rxf8 a5 44.Ra8 b6 45.Ra6 Kb3 46.Rxb6+
Kxa3 47.Ke2 a4 48.Kd2 Ka2 49.Kc2 a3 50.Ra6 c5 51.Ra7 c4 52.Ra8 c3 53.Ra7 Ka1 54.Rxa3# 1-0

[Event "1. Bundesliga 2019/2020"]
[Site "Blumenhalle, St. Veit/Glan"]
[Date "2020.01.11"]
[Round "7"]
[Board "3"]
[White "Breder, Dennis"]
[Black "Kvetny, Mark"]
[Result "1/2-1/2"]
[WhiteElo "2464"]
[BlackElo "2426"]
[PlyCount "60"]
[EventDate "2019.10.10"]
[EventType "team"]
[EventRounds "11"]
[EventCountry "AUT"]
[WhiteTeam "SK Hohenems"]
[BlackTeam "SK Sparkasse Goetzis"]

1.e4 e5 2.Nf3 Nf6 3.Nxe5 d6 4.Nf3 Nxe4 5.d4 d5 6.Bd3 Nc6 7.O-O Be7 8.Nbd2 Nd6 9.c3
Bf5 10.Nb3 Bxd3 11.Qxd3 Nc4 12.Nbd2 Nxd2 13.Bxd2 Qd6 14.Rfe1 Qg6 15.Qxg6 hxg6 16.Ne5
Nxe5 17.Rxe5 Rh5 18.Rxh5 gxh5 19.Re1 f6 20.Bf4 Rc8 21.h3 Kd7 22.g4 g5 23.Be3 hxg4
24.hxg4 Bd6 25.Kg2 Rh8 26.Rh1 Rxh1 27.Kxh1 b5 28.b4 Ke6 29.Kg2 f5 30.f3 f4 1/2-1/2